000 00696nam 22002173 4500
001 202004
010 _a978-972-24-1517-0
021 _aPT
_b256364/07
090 _a202004
100 _a20260430d u||y0pory50 ba
200 _aOs meus avós são especiais
_fJennifer Moore- Mallinos
_gilustradora Marta Fàbrega; tradução Manuela Pessoa
210 _aLisboa
_cLivros Horizonte
_d2007
215 _a31, [1] p.
_cil. ; encadernado
_d25 cm
225 _aVamos conversar
606 _947
_aLiteratura Infantil Americana
675 _a821.111(73)-93
_vPT
_zpor
700 _94275
_aMoore - Mallinos
_bJennifer
702 _94276
_aFàbrega
_bMarta
801 _aPT
_bBMMN
_gRPC
830 _cIsabel
990 _cLIVROS